00533nam a2200157Ia 4500008004000000082001600040100004400056245003500100260003300135300000800168650001600176690002700192906001100219999001900230952012600249210210b1984 xxu||||| |||| 00| 0 eng d a814.54 COLO aCOLLINS (Larry) & LAPIERRE (Dominique). aOr I'll dress you in mourning. aN DbTarang Paperbacksc1984 a346 aEl Cordobes aAmerican English Prose a052807 c100937d100937 001040708LiteratureaALbALcLiteratured2021-02-17g0.00l0o814.54 COLOp052807r2021-02-17 00:00:00w2021-02-17yBK